00330nam a2200133Ia 4500008004100000041000800041082001700049100002300066245002200089250000600111260005300117300000800170650001800178210716s1987 xx 000 0 und d aeng a005.133 KOCS aKochan, Stephen G. aProgramming in c. a1 aNew DelhibCBS Publishers and Distributorsc1987 a373 aC Programming